K-pop: NewJeans Members - Images - Statistics

General Stats
  • This quiz has been taken 79 times
  • The average score is 5 of 5
Answer Stats
Picture Answer % Correct
Danielle
100%
Hanni
100%
Minji
96%
Haerin
94%
Hyein
92%
No matching quizzes found
Score Distribution
Percent of People with Each Score
Percentile by Number Answered
Your Score History
You have not taken this quiz